[Event "Druzynowe Mistrzostwa Polski Juniorow - II liga"]
[Site "Sypniewo k. Jastrowia"]
[Date "2023-06-15"]
[Round "2.51"]
[White "Reterski, Wiktor"]
[Black "Stachowiak, Bruno"]
[Result "0-1"]
[WhiteTitle "II"]
[BlackTitle "II"]
[WhiteElo "1310"]
[BlackElo "1591"]

1. d4 2. d6 3. Nf3 4. g6 5. e4 6. Bg7 7. Bc4 8. Nf6 9. Qe2 10. O-O 11. O-O 12.
Bg4 13. e5 14. dxe5 15. dxe5 16. Nfd7 17. e6 18. Ne5 19. exf7+ 20. Kh8 21. Rd1
22. Qc8 23. Bg5 24. Qf5 25. Nbd2 26. Nbc6 27. Bh4 28. Rad8 29. Bg3 30. Rxd2 31.
Rxd2 32. Bxf3 33. Bd3 34. Bxe2 35. Bxf5 36. gxf5 37. Rxe2 38. Rxf7 39. Rd1 40.
f4 41. Bh4 42. Bf6 43. Bxf6+ 44. Rxf6 45. g3 46. f3 47. Re3 48. Rd6 49. Rxd6 50.
exd6 51. Rb3 52. b6 53. Kf1 54. Kg7 55. Ke1 56. Nd4 57. Rc3 58. c5 59. Kd2 60.
d5 61. Ke3 62. Nc4+ 0-1

[Event "Druzynowe Mistrzostwa Polski Juniorow - II liga"]
[Site "Sypniewo k. Jastrowia"]
[Date "2023-06-15"]
[Round "2.53"]
[White "Kieca, Aleksandra"]
[Black "Niemier, Martyna"]
[Result "1-0"]
[WhiteTitle "I++"]
[BlackTitle "I"]
[WhiteElo "1521"]
[BlackElo "1373"]

1. e4 2. e6 3. d4 4. d5 5. Nd2 6. Nf6 7. e5 8. Nfd7 9. c3 10. c5 11. Bd3 12. Nc6
13. Ne2 14. Be7 15. Nf3 16. cxd4 17. cxd4 18. O-O 19. O-O 20. f6 21. exf6 22.
Nxf6 23. Nc3 24. Qc7 25. Re1 26. a6 27. h3 28. Bd6 29. a3 30. Bd7 31. Bd2 32.
Rac8 33. Rc1 34. Qb8 35. Bb1 36. b5 37. Bg5 38. Bf4 39. Bxf4 40. Qxf4 41. Ne2
42. Qd6 43. Ng3 44. Na5 45. Ne5 46. Nc4 47. Re2 48. Qb6 49. Rec2 50. Nxe5 51.
dxe5 52. Rxc2 53. Rxc2 54. Ne8 55. b4 56. g6 57. Rc5 58. a5 59. Qc1 60. axb4 61.
axb4 62. Qb8 63. Qc3 64. Rf4 65. Bd3 66. Ng7 67. Ne2 68. Rf7 69. Bxb5 70. Qa7
71. Bxd7 72. Qxd7 73. Nd4 74. Nf5 75. Rc8+ 76. Kg7 77. Nxf5+ 78. exf5 79. e6+
1-0

[Event "Druzynowe Mistrzostwa Polski Juniorow - II liga"]
[Site "Sypniewo k. Jastrowia"]
[Date "2023-06-15"]
[Round "2.54"]
[White "Kubacka, Patrycja"]
[Black "Gorecka, Laura"]
[Result "1/2-1/2"]
[WhiteTitle "II"]
[BlackTitle "II+"]
[WhiteElo "1069"]
[BlackElo "1158"]

1. e4 2. c5 3. c3 4. Nf6 5. e5 6. Nd5 7. d4 8. cxd4 9. cxd4 10. e6 11. Nf3 12.
d6 13. Bc4 14. Nb6 15. Bb3 16. Be7 17. O-O 18. O-O 19. Be3 20. Nc6 21. Qd3 22.
dxe5 23. Bc2 24. g6 25. dxe5 26. Qxd3 27. Bxd3 28. Nb4 29. Rd1 30. Rd8 31. Ne1
32. Nc4 33. Rc1 34. Nxe5 35. Be2 36. Nbd3 37. Nxd3 38. Nxd3 39. Bxd3 40. Rxd3
41. g3 42. Bd6 43. Na3 44. Bxa3 45. bxa3 46. Rxa3 47. Rd1 48. e5 49. Rd8+ 50.
Kg7 51. g4 52. b6 53. g5 54. Bb7 55. Rd7 56. Bf3 57. h4 58. Ra4 59. Kh2 60. Bc6
61. Rc7 62. Rxh4+ 63. Kg3 64. Rc4 65. Rd1 66. Bb5 67. Re7 68. Ba4 69. Rd6 70.
Rc2 71. Rf6 72. Be8 73. Rxe5 74. Rxa2 75. Re7 76. Ra3 77. Rf3 78. Kf8 79. Rc7
80. Ra5 81. Bd2 82. Rd5 83. Bb4+ 84. Kg8 85. Be7 86. Rd7 87. Rxd7 88. Bxd7 89.
Ra3 90. Re8 91. Bf6 92. a5 93. Bd4 94. Rb8 95. Kf4 96. a4 97. Ke4 98. b5 99. Kd5
100. b4 101. Ra1 102. a3 103. Bc5 104. b3 105. Bxa3 106. b2 107. Rb1 108. Be6+
109. Ke5 110. Rb3 111. Kf6 112. Rxa3 113. Rxb2 114. Rf3+ 115. Ke5 116. Rf5+ 117.
Kd6 118. Kg7 119. Re2 120. Kf8 121. Re5 122. Rxf2 123. Ra5 124. Rd2+ 125. Ke5
126. Rf2 127. Ke4 128. Rf5 129. Rxf5 130. Bxf5+ 131. Kf4 132. Kg7 133. Kg3 134.
h6 135. gxh6+ 136. Kxh6 137. Kh4 138. g5+ 139. Kg3 140. Kh5 141. Kf3 142. Kh4
143. Kg2 144. g4 145. Kh2 146. Be4 147. Kg1 148. Kh3 149. Kf2 150. g3+ 151. Kg1
152. g2 153. Kf2 154. Kh2 155. Ke3 156. g1=Q+ 157. Kxe4 158. Qg3 159. Kf5 160.
Qg6+ 161. Kf4 162. f5 163. Ke5 164. Qg4 165. Kd5 166. f4 167. Ke5 168. f3 169.
Kd5 170. f2 171. Ke5 172. f1=R 173. Kd5 174. Qe2 175. Kc5 176. Rd1 177. Kb4 178.
Qc2 179. Ka3 180. Rb1 1/2-1/2

[Event "Druzynowe Mistrzostwa Polski Juniorow - II liga"]
[Site "Sypniewo k. Jastrowia"]
[Date "2023-06-15"]
[Round "2.55"]
[White "Ciupka, Kamil"]
[Black "Grzadka, Artur"]
[Result "0-1"]
[WhiteTitle "II"]
[BlackTitle "I"]
[WhiteElo "1619"]
[BlackElo "1770"]

1. e4 2. c6 3. Nf3 4. d5 5. d3 6. Bg4 7. h3 8. Bxf3 9. Qxf3 10. e6 11. Be2 12.
Bd6 13. Bf4 14. Qc7 15. Bxd6 16. Qxd6 17. exd5 18. exd5 19. Qg4 20. Ne7 21. Nd2
22. O-O 23. f4 24. Nd7 25. Qf3 26. Nf5 27. Qf2 28. Rfe8 29. O-O 30. Ne3 31. Rfc1
32. Qb4 33. Nf1 34. Qb6 35. b3 36. Nf6 37. Bf3 38. Qd4 39. Nxe3 40. Rxe3 41. Kf1
42. Qxf4 43. Re1 44. d4 45. Re2 46. Rae8 47. Rae1 48. g5 49. Rxe3 50. dxe3 51.
Qe2 52. h5 53. Kg1 54. g4 55. hxg4 56. hxg4 57. Be4 58. Nxe4 59. dxe4 60. Rxe4
61. Rf1 62. Qe5 63. Rd1 64. Rd4 65. Re1 66. Re4 67. Rd1 68. Kg7 69. c4 70. b5
71. cxb5 72. cxb5 73. Rf1 74. a6 75. Rd1 76. Rd4 77. Re1 78. g3 79. Rf1 80. Kg6
81. Qf3 82. f5 83. a4 84. e2 85. Re1 86. Rd6 87. axb5 88. Qd4+ 0-1

[Event "Druzynowe Mistrzostwa Polski Juniorow - II liga"]
[Site "Sypniewo k. Jastrowia"]
[Date "2023-06-15"]
[Round "2.56"]
[White "Dysko, Michal"]
[Black "Bochenek, Piotr"]
[Result "1-0"]
[WhiteTitle "II+"]
[BlackTitle "II"]
[WhiteElo "1500"]
[BlackElo "1294"]

1. e4 2. c5 3. Nc3 4. Nc6 5. d3 6. g6 7. Be3 8. d6 9. g3 10. Bg7 11. Qd2 12. Rb8
13. Bg2 14. b5 15. Nge2 16. Nd4 17. Nc1 18. Nf6 19. h3 20. h5 21. f4 22. Nd7 23.
Nd1 24. Nb6 25. c3 26. Nc6 27. e5 28. Qc7 29. exd6 30. exd6 31. O-O 32. O-O 33.
Nf2 34. Ne7 35. g4 36. hxg4 37. Nxg4 38. Nf5 39. Bf2 40. Bb7 41. Bxb7 42. Qxb7
43. Ne2 44. Rfe8 45. Rae1 46. a5 47. Ng3 48. Nh4 49. Be3 50. Nf3+ 51. Rxf3 52.
Qxf3 53. Ne4 54. Qxh3 55. Ngf6+ 56. Bxf6 57. Nxf6+ 58. Kg7 59. Nxe8+ 60. Rxe8
61. Bd4+ 62. Kf8 63. Bg7+ 64. Kxg7 65. Rxe8 66. Qg4+ 67. Kf1 68. Qf3+ 69. Ke1
70. Qh1+ 71. Ke2 72. Qg2+ 73. Kd1 74. Qf1+ 75. Kc2 76. c4 77. dxc4 78. Qxc4 79.
b3 80. Qc5 81. Qh2 82. Kf6 83. Qh4+ 84. g5 85. Qh6+ 86. Kf5 87. Qxg5# 1-0

[Event "Druzynowe Mistrzostwa Polski Juniorow - II liga"]
[Site "Sypniewo k. Jastrowia"]
[Date "2023-06-15"]
[Round "2.57"]
[White "Smolinski, Wojciech"]
[Black "Olejko, Wojciech"]
[Result "1/2-1/2"]
[WhiteTitle "II"]
[BlackTitle "II"]
[WhiteElo "1472"]
[BlackElo "1288"]

1. e4 2. e6 3. d4 4. d5 5. e5 6. c5 7. c3 8. Nc6 9. Nf3 10. Qb6 11. Na3 12. cxd4
13. cxd4 14. Bb4+ 15. Bd2 16. a6 17. Bxb4 18. Qxb4+ 19. Qd2 20. Qxd2+ 21. Kxd2
22. Nh6 23. Nc2 24. Nf5 25. g4 26. Nfe7 27. Be2 28. Bd7 29. b4 30. O-O 31. Rhb1
32. Na7 33. a4 34. Ng6 35. Rb2 36. f6 37. exf6 38. Rxf6 39. Nce1 40. Nc6 41. Nd3
42. Raf8 43. Nfe5 44. Ngxe5 45. dxe5 46. R6f7 47. b5 48. Na5 49. Nc5 50. axb5
51. Nxd7 52. Rxd7 53. axb5 54. Nc4+ 55. Bxc4 56. dxc4+ 57. Kc3 58. Rc7 59. Rc2
60. Rf3+ 61. Kb4 62. Rb3+ 63. Ka4 64. Rc5 65. Rxc4 66. Rbxb5 67. Rxc5 68. Rxc5
69. Rb1 70. Rxe5 71. Rxb7 72. Re4+ 73. Rb4 74. Rxb4+ 75. Kxb4 76. Kf7 77. Kc5
78. Kf6 79. f4 80. g5 81. fxg5+ 82. Kxg5 83. Kd6 84. Kxg4 85. Kxe6 86. Kf4 87.
Kf6 88. h5 89. Kg6 90. Kg4 91. h3+ 92. Kxh3 93. Kxh5 1/2-1/2

[Event "Druzynowe Mistrzostwa Polski Juniorow - II liga"]
[Site "Sypniewo k. Jastrowia"]
[Date "2023-06-15"]
[Round "2.59"]
[White "Trybus, Dominika"]
[Black "Moscicka, Alicja"]
[Result "1-0"]
[WhiteTitle "I++"]
[BlackTitle "II"]
[WhiteElo "1555"]
[BlackElo "1181"]

1. e4 2. c5 3. d4 4. cxd4 5. c3 6. g6 7. cxd4 8. Bg7 9. Bc4 10. Nc6 11. Nf3 12.
d6 13. O-O 14. Qc7 15. Bb5 16. a6 17. Ba4 18. b5 19. Bb3 20. Bb7 21. Nc3 22. Nf6
23. Be3 24. O-O 25. Rc1 26. Qd7 27. h3 28. Rfd8 29. Qe2 30. Rac8 31. e5 32. Ne8
33. Nd5 34. Rb8 35. Nb6 36. Qf5 37. Bc2 38. Nxd4 39. Nxd4 40. Qxe5 41. f4 42.
Qf6 43. f5 44. Qe5 45. fxg6 46. fxg6 47. Bb3+ 48. d5 49. Nf3 50. Qxb2 51. Rc2
52. Qf6 53. Ng5 54. Qe5 55. Nf7 56. Qe6 57. Nxd8 58. Rxd8 59. Qf3 60. Nf6 61.
Rc7 1-0

[Event "Druzynowe Mistrzostwa Polski Juniorow - II liga"]
[Site "Sypniewo k. Jastrowia"]
[Date "2023-06-15"]
[Round "2.60"]
[White "Woytitzki, Maja"]
[Black "Zylak, Emilia"]
[Result "0-1"]
[WhiteTitle "I"]
[BlackTitle "II"]
[WhiteElo "1233"]
[BlackElo "1061"]

1. d4 2. d5 3. c4 4. e6 5. Nf3 6. Nf6 7. g3 8. c5 9. Bg2 10. Nbd7 11. O-O 12. Bd6
13. cxd5 14. Nxd5 15. e4 16. Nc7 17. Be3 18. O-O 19. Nc3 20. h6 21. Qc2 22. Be7
23. Rad1 24. Qe8 25. Bf4 26. Na6 27. d5 28. Nf6 29. d6 30. Bd8 31. e5 32. Nd7
33. Ne4 34. b6 35. Nfd2 36. Rb8 37. Rfe1 38. Bb7 39. a3 40. Bd5 41. Qa4 42. Bb7
43. Nf6+ 44. Nxf6 45. d7 46. Nxd7 47. Bxb7 48. Rxb7 49. Qxa6 50. Rc7 51. Ne4 52.
Nb8 53. Qc4 54. Be7 55. Nd6 56. Bxd6 57. exd6 58. Rd7 59. Re5 60. Nc6 61. Rh5
62. f6 63. Rh3 64. Ne5 65. Bxe5 66. fxe5 67. Qe4 68. Qf7 69. Rd2 70. Rxd6 71.
Re2 72. Rd5 73. Qg4 74. Kh7 75. Rh5 76. Qg6 77. Qxg6+ 78. Kxg6 79. Rhxe5 80. Rxe5
81. Rxe5 82. Re8 83. Kg2 84. Kf6 85. Re1 86. Rd8 87. Re2 88. Rd7 89. h3 90. a5
91. f4 92. b5 93. Rc2 94. Rd5 95. Kf3 96. b4 97. axb4 98. axb4 99. Ke3 100. h5
101. b3 102. Kf5 103. Rc4 104. g6 105. Rc1 106. g5 107. Rc4 108. g4 109. h4 110.
Kf6 111. Re4 112. Ke7 113. Rc4 114. Kd6 115. Rc1 116. Kc6 117. Ke2 118. Rd4 119.
Ke3 120. Kd5 121. Rf1 122. Re4+ 123. Kd3 124. Rd4+ 125. Ke3 126. c4 127. bxc4+
128. Kxc4 129. Rc1+ 130. Kd5 131. Rb1 132. Kc5 133. Rc1+ 134. Kd5 135. Rb1 136.
Rc4 137. Rd1+ 138. Kc5 139. Rd8 140. Rc3+ 141. Kf2 142. Rc2+ 143. Kg1 144. Kb5
145. Rb8+ 146. Ka4 147. Ra8+ 148. Kb3 149. Re8 150. Rc6 151. Rh8 152. Kc2 153.
Rxh5 154. b3 155. Rb5 156. b2 157. h5 158. b1=Q+ 159. Rxb1 160. Kxb1 161. h6 162.
Rc8 163. Kf2 164. Rh8 165. Ke3 166. Rxh6 167. Ke4 168. Rh5 169. Ke3 170. Kc2 171.
Ke4 172. Kd2 173. Kd4 174. Ke2 175. Ke4 176. Kf2 177. Kd4 178. Kxg3 179. Ke4 180.
Kf2 181. Kd4 182. g3 183. Ke4 184. g2 185. f5 186. Rxf5 187. Kd4 188. g1=Q 189.
Ke4 190. Qe1+ 191. Kd4 192. Rd5+ 193. Kc4 194. Qc1+ 195. Kb4 196. Rd8 197. Kb5
198. Rb8+ 199. Ka6 200. Qa1# 0-1

[Event "Druzynowe Mistrzostwa Polski Juniorow - II liga"]
[Site "Sypniewo k. Jastrowia"]
[Date "2023-06-15"]
[Round "2.61"]
[White "Pulit, Kacper"]
[Black "Nowicki, Bartosz"]
[Result "0-1"]
[WhiteTitle "II"]
[BlackTitle "II+"]
[WhiteElo "1332"]
[BlackElo "1687"]

1. e4 2. e5 3. Nf3 4. Nc6 5. Bc4 6. Bc5 7. d3 8. Nf6 9. O-O 10. O-O 11. h3 12.
h6 13. c3 14. a5 15. a4 16. d5 17. exd5 18. Nxd5 19. Re1 20. Qd6 21. Na3 22. Bxa3
23. Rxa3 24. Bf5 25. Be3 26. Nxe3 27. fxe3 28. Rad8 29. Rb3 30. b6 31. Rb5 32.
Bxd3 33. Qxd3 34. Qxd3 35. Bxd3 36. Rxd3 37. Nxe5 38. Nxe5 39. Rxe5 40. Rd2 41.
b4 42. axb4 43. cxb4 44. Rb2 45. Re4 46. Rd8 47. a5 48. bxa5 49. bxa5 50. Rdd2
51. Ra4 52. Rxg2+ 53. Kh1 54. Rh2+ 55. Kg1 56. Rbg2+ 57. Kf1 58. Ra2 59. Rxa2
60. Rxa2 61. Rc1 62. Rxa5 63. Rxc7 64. Ra2 65. Rc4 66. Rh2 67. h4 68. g6 69. Re4
70. Kg7 71. Kg1 72. Rd2 73. Rb4 74. Re2 75. Re4 76. f5 77. Re5 78. Kf6 79. Re8
80. Kf7 81. Re5 82. Kf6 83. Re8 84. Kf7 85. Re5 86. f4 87. exf4 88. Rxe5 89. fxe5
90. Ke6 91. Kf2 92. Kxe5 93. Ke3 94. Kf5 95. Kf3 96. h5 0-1

[Event "Druzynowe Mistrzostwa Polski Juniorow - II liga"]
[Site "Sypniewo k. Jastrowia"]
[Date "2023-06-15"]
[Round "2.62"]
[White "Nawrocki, Michal"]
[Black "Penar, Marcin"]
[Result "1-0"]
[WhiteTitle "I"]
[BlackTitle "II"]
[WhiteElo "1595"]
[BlackElo "1280"]

1. e4 2. c5 3. Nf3 4. g6 5. d4 6. cxd4 7. Qxd4 8. Nf6 9. Nc3 10. Nc6 11. Qa4 12.
d6 13. e5 14. dxe5 15. Nxe5 16. Bd7 17. Nxd7 18. Qxd7 19. Be3 20. Qg4 21. Qb3
22. Qb4 23. Bb5 24. Qxb3 25. Bxc6+ 26. bxc6 27. axb3 28. a6 29. Bd4 30. Bg7 31.
Na4 32. O-O 33. O-O 34. Nd5 35. Bxg7 36. Kxg7 37. Nc5 38. a5 39. c3 40. Rfb8 41.
Ra3 42. Rb5 43. Nd3 44. Rab8 45. c4 46. Rxb3 47. cxd5 48. cxd5 49. Rfa1 50. e6
51. Kf1 52. Kf6 53. Ke2 54. Rxa3 55. Rxa3 56. Rb5 57. Kd2 58. e5 59. Kc3 60. e4
61. Nc1 62. Ke5 63. Nb3 64. f5 65. Rxa5 66. Rb7 67. Nc5 68. Rc7 69. b4 70. f4
71. Ra6 72. d4+ 73. Kc4 74. d3 75. Re6+ 76. Kf5 77. Rxe4 78. Rxc5+ 79. bxc5 Kxe4
80. Kc3 81. d2 82. Kxd2 83. Kd5 84. Kd3 85. f3 86. g3 87. g5 88. c6 89. Kxc6 90.
Ke4 91. h5 92. h3 93. Kc5 94. Kxf3 95. Kd4 96. h4 97. gxh4 98. gxh4 99. Ke5 100.
Ke3 101. Kf5 102. f3 103. Ke5 104. f4+ 105. Kd5 106. Kd3 107. Kd6 108. Ke4 109.
Ke6 110. f5+ 111. Kf7 112. Ke5 113. Ke7 114. f6+ 115. Kf8 116. Kf5 117. Kf7 118.
Kg5 119. Kf8 120. Kxh5 121. Kf7 122. Kg5 1-0

[Event "Druzynowe Mistrzostwa Polski Juniorow - II liga"]
[Site "Sypniewo k. Jastrowia"]
[Date "2023-06-15"]
[Round "2.63"]
[White "Plywacz, Mateusz"]
[Black "Nowicki, Franciszek"]
[Result "1-0"]
[WhiteTitle "II"]
[BlackTitle "II"]
[WhiteElo "1584"]
[BlackElo "1289"]

1. e4 2. c5 3. Nf3 4. e6 5. c3 6. d5 7. exd5 8. Qxd5 9. d4 10. Nf6 11. Be3 12.
Nbd7 13. c4 14. Qc6 15. Nc3 16. Be7 17. Be2 18. O-O 19. O-O 20. Nb6 21. Ne5 22.
Qe8 23. dxc5 24. Nbd7 25. Nxd7 26. Bxd7 27. b4 28. b6 29. cxb6 30. Bxb4 31. Nb5
32. Bxb5 33. cxb5 34. axb6 35. Bf3 36. Rd8 37. Qb3 38. Ba5 39. Bc1 40. Kh8 41.
Bc6 42. Nd7 43. Ba3 44. Rg8 45. Rad1 46. f6 47. Rd6 48. Qf7 49. Rfd1 50. Nc5 51.
Bxc5 52. Rxd6 53. Bxd6 54. Rd8 55. Ba3 56. Rxd1+ 57. Qxd1 58. h6 59. h3 60. Kh7
61. Qd3+ 62. f5 63. Qb3 64. Qf6 65. Bb2 66. Qe7 67. Bc3 68. Qc5 69. Bxa5 70. Qc1+
71. Kh2 72. Qf4+ 73. Qg3 1-0

[Event "Druzynowe Mistrzostwa Polski Juniorow - II liga"]
[Site "Sypniewo k. Jastrowia"]
[Date "2023-06-15"]
[Round "2.64"]
[White "Kurczewski, Borys"]
[Black "Schiller, Marcin"]
[Result "1/2-1/2"]
[WhiteTitle "II"]
[BlackTitle "II+"]
[WhiteElo "1153"]
[BlackElo "1327"]

1. e4 2. e6 3. d4 4. d5 5. exd5 6. exd5 7. Nf3 8. Nf6 9. Bd3 10. Bd6 11. Qe2+ 12.
Be7 13. O-O 14. O-O 15. Bg5 16. Bg4 17. h3 18. Bh5 19. g4 20. Bg6 21. Bxg6 22.
fxg6 23. Qe6+ 24. Kh8 25. Ne5 26. Qe8 27. Re1 28. Bd6 29. Qxe8 30. Nxe8 31. Nf7+
32. Kg8 33. Nxd6 34. Nxd6 35. Nd2 36. Nc6 37. c3 38. Rae8 39. Kf1 40. Rxe1+ 41.
Rxe1 42. Kf7 43. f3 44. Re8 45. Rxe8 46. Kxe8 47. Kf2 48. Kf7 49. Ke3 50. Ke6
51. b3 52. Nb5 53. Kd3 54. Nd6 55. Bf4 56. b5 57. Bxd6 58. Kxd6 59. f4 60. Ke6
61. Nf3 62. h6 63. Ne5 64. Ne7 65. c4 c6 1/2-1/2

[Event "Druzynowe Mistrzostwa Polski Juniorow - II liga"]
[Site "Sypniewo k. Jastrowia"]
[Date "2023-06-15"]
[Round "2.65"]
[White "Bartoszek, Julia"]
[Black "Michalska, Anna-maria"]
[Result "0-1"]
[WhiteTitle "I"]
[BlackTitle "I"]
[WhiteElo "1373"]
[BlackElo "1382"]

1. e4 2. c6 3. d4 4. d5 5. e5 6. Bf5 7. Nf3 8. e6 9. Be2 10. Nd7 11. O-O 12. Rc8
13. Be3 14. c5 15. c3 16. a6 17. dxc5 18. Bxc5 19. Bxc5 20. Nxc5 21. Nd4 22. Ne7
23. Nd2 24. Bd3 25. N2f3 26. Bxe2 27. Qxe2 28. Qc7 29. Nh4 30. Ng6 31. Nxg6 32.
hxg6 33. f4 34. Ne4 35. Rac1 36. Qc4 37. Qxc4 38. Rxc4 39. Rf3 40. Ke7 41. Re3
42. Rhc8 43. Rce1 44. b5 45. Nf3 46. R8c7 47. a3 48. a5 49. R3e2 50. b4 51. cxb4
52. axb4 53. a4 54. b3 55. Re3 56. Rxa4 57. Rxb3 58. Kd7 59. Rd3 60. Nc5 61. Rd4
62. Rxd4 63. Nxd4 64. Rb7 65. Rb1 66. Rb4 67. Ne2 68. Nd3 69. g3 70. Rxb2 71.
Rxb2 72. Nxb2 73. Nd4 74. Nc4 75. Kf2 76. f6 77. exf6 78. gxf6 79. g4 80. e5 81.
fxe5 82. fxe5 83. Nf3 84. Ke6 85. h4 86. e4 87. Ng5+ 88. Ke5 89. Nf7+ 90. Kf4
91. h5 92. gxh5 93. gxh5 94. Kf5 95. Ke2 Kf6 96. Nd8 97. Kg5 98. Nc6 99. Kxh5
100. Nb4 101. d4 102. Nd5 103. Kg4 104. Nf6+ 105. Kf4 106. Nh5+ 107. Ke5 108.
Ng3 109. d3+ 110. Kd1 111. Kf4 112. Nf1 113. Ne3+ 114. Nxe3 115. Kxe3 116. Ke1
117. Kf3 118. Kd2 119. Kf2 0-1

[Event "Druzynowe Mistrzostwa Polski Juniorow - II liga"]
[Site "Sypniewo k. Jastrowia"]
[Date "2023-06-15"]
[Round "2.66"]
[White "Bartkowiak, Aleksandra"]
[Black "Kretowicz, Daria"]
[Result "1/2-1/2"]
[WhiteTitle "II"]
[BlackTitle "I"]
[WhiteElo "1135"]
[BlackElo "1255"]

1. b3 2. c5 3. Bb2 4. e6 5. d3 6. Nf6 7. Nd2 8. Be7 9. Ngf3 10. Nc6 11. g3 12.
O-O 13. Bg2 14. Qc7 15. O-O 16. d5 17. c4 18. b6 19. e3 20. Bb7 21. d4 22. cxd4
23. cxd5 24. Nxd5 25. Nxd4 26. Nxd4 27. Bxd4 28. Rfd8 29. Rc1 30. Qd7 31. Nc4
32. f6 33. Bb2 34. Nb4 35. Qxd7 36. Rxd7 37. Bxb7 38. Rxb7 39. a4 40. Nd3 41.
Rc2 42. Nxb2 43. Nxb2 44. Rd7 45. Rfc1 46. Ba3 47. Rc8+ 48. Rd8 49. Rxa8 Rxa8
50. Rc2 51. Bxb2 52. Rxb2 53. Rd8 54. Kf1 55. Kf7 56. Ke2 57. e5 58. e4 59. Ke6
60. Ke3 61. Rd7 62. Rc2 63. h6 1/2-1/2

[Event "Druzynowe Mistrzostwa Polski Juniorow - II liga"]
[Site "Sypniewo k. Jastrowia"]
[Date "2023-06-15"]
[Round "2.67"]
[White "Wilgosz, Szczepan"]
[Black "Wegrzyn, Samuel"]
[Result "1/2-1/2"]
[WhiteTitle "I"]
[BlackTitle "II+"]
[WhiteElo "1650"]
[BlackElo "1384"]

1. e4 2. c5 3. Nf3 4. e6 5. d4 6. cxd4 7. Nxd4 8. Nc6 9. Nc3 10. Nf6 11. Be2 12.
Bb4 13. O-O 14. Bxc3 15. bxc3 16. Nxe4 17. Qd3 18. d5 19. Ba3 20. Qa5 21. Nb5
22. a6 23. Nd6+ 24. Nxd6 25. Bxd6 26. Ne7 27. Bxe7 28. Kxe7 29. Qg3 30. g6 31.
c4 32. dxc4 33. Bxc4 34. Bd7 35. Rad1 36. Qc5 37. Bb3 38. a5 39. Rfe1 40. Rac8
41. Re5 42. Qc7 43. Qh4+ 44. Kf8 45. Qf6 46. Kg8 47. Rxe6 48. Bxe6 49. Bxe6 50.
fxe6 51. Qxe6+ 52. Kg7 53. Rd7+ 54. Qxd7 55. Qxd7+ 56. Kf6 57. Qd6+ 58. Kf7 59.
Qd7+ 60. Kf6 61. h4 62. Rhd8 63. Qxb7 64. Rxc2 65. Qb6+ 66. Ke7 67. Qb7+ 68. Kf6
69. Qxh7 70. Rxa2 71. Qh6 72. Rd1+ 73. Kh2 74. Rdd2 75. h5 76. Rxf2 77. Qxg6+
78. Ke7 79. Qg7+ 80. Ke8 81. Qg8+ 82. Ke7 83. Qh7+ 84. Kf8 85. Qh8+ 86. Kf7 87.
Qh7+ 88. Kf8 89. Qh8+ 90. Kf7 1/2-1/2

[Event "Druzynowe Mistrzostwa Polski Juniorow - II liga"]
[Site "Sypniewo k. Jastrowia"]
[Date "2023-06-15"]
[Round "2.68"]
[White "Oberc, Szymon"]
[Black "Marek, Grzegorz"]
[Result "1/2-1/2"]
[WhiteTitle "II+"]
[BlackTitle "I"]
[WhiteElo "1427"]
[BlackElo "1651"]

1. e4 2. c5 3. Nf3 4. Nc6 5. d4 6. cxd4 7. Nxd4 8. Nf6 9. Nc3 10. e5 11. Ndb5 12.
d6 13. Bg5 14. a6 15. Na3 16. b5 17. Nd5 18. Be7 19. Bxf6 20. Bxf6 21. c3 22.
O-O 23. Nc2 24. Rb8 25. Bd3 26. Bg5 27. h4 28. Bh6 29. g4 30. f6 31. Nce3 32.
Bxe3 33. Nxe3 34. Be6 35. Qd2 36. Na5 37. b3 38. Nb7 39. Rd1 40. Qd7 41. f3 42.
Rfd8 43. c4 44. Nc5 45. Kf2 46. Nxd3+ 47. Qxd3 48. bxc4 49. Nxc4 50. d5 51. exd5
52. Qxd5 53. Qxd5 54. Rxd5 55. Rxd5 56. Bxd5 57. Ne3 58. Be6 59. Rd1 60. Kf7 61.
Rd6 62. Ra8 63. Rb6 64. Ra7 65. a4 66. a5 67. Ke2 68. g6 69. Nc4 70. Ke7 71. Rb5
72. Bxc4+ 73. bxc4 74. Kd6 75. Kd3 76. f5 77. g5 78. Ke6 79. Rb6+ 80. Kd7 81.
c5 82. Rc7 83. Kc4 84. Rc6 85. Rb7+ 86. Rc7 87. Rxc7+ 88. Kxc7 89. Kd5 90. e4
91. fxe4 f4 92. Kd4 Kc6 93. e5 f3 94. Ke3 Kxc5 95. Kxf3 Kd5 96. Kf4 1/2-1/2

[Event "Druzynowe Mistrzostwa Polski Juniorow - II liga"]
[Site "Sypniewo k. Jastrowia"]
[Date "2023-06-15"]
[Round "2.69"]
[White "Zajadlak, Milosz"]
[Black "Panasiuk, Stanislaw"]
[Result "1-0"]
[WhiteTitle "II"]
[BlackTitle "II"]
[WhiteElo "1290"]
[BlackElo "1200"]

1. e4 2. e5 3. Nf3 4. Nc6 5. Bc4 6. Nf6 7. Ng5 8. d5 9. exd5 10. Na5 11. Bb5+ 12.
c6 13. dxc6 14. bxc6 15. Bd3 16. h6 17. Ne4 18. Be7 19. Nxf6+ 20. Bxf6 21. Be4
22. O-O 23. O-O 24. Bh4 25. c3 26. Ba6 27. Re1 28. Qb6 29. g3 30. Bf6 31. Qf3
32. Rfc8 33. Qf5 34. Kf8 35. b3 36. Nb7 37. Ba3+ 38. c5 39. Qf3 40. Rab8 41. c4
42. Nd6 43. Nc3 44. Bg5 45. Na4 46. Qa5 47. Bd5 48. Bxd2 49. Rxe5 50. Kg8 51.
Bxc5 52. Rxc5 53. Nxc5 54. Qxc5 55. Bxf7+ 56. Nxf7 57. Rxc5 58. Rf8 59. Rd1 60.
Bb4 61. Rf5 62. Ng5 63. Rxf8+ 64. Bxf8 65. Qc6 66. Bxc4 67. bxc4 68. Nh3+ 69.
Kf1 70. Bb4 71. Qe6+ 72. Kh7 73. Qf5+ 74. Kg8 75. Rd8+ 76. Bf8 77. Rxf8# 1-0

[Event "Druzynowe Mistrzostwa Polski Juniorow - II liga"]
[Site "Sypniewo k. Jastrowia"]
[Date "2023-06-15"]
[Round "2.70"]
[White "Wojtun, Maksymilian"]
[Black "Wasilko, Szymon"]
[Result "1-0"]
[WhiteTitle "II"]
[BlackTitle "II"]
[WhiteElo "1126"]
[BlackElo "1149"]

1. e4 2. e5 3. Nf3 4. Nc6 5. Bc4 6. Bc5 7. c3 8. Nf6 9. d3 10. d6 11. a4 12. a5
13. Bb3 14. Be6 15. Bc2 16. h6 17. O-O 18. O-O 19. d4 20. exd4 21. cxd4 22. Bc4
23. dxc5 24. Bxf1 25. Qxf1 26. Re8 27. cxd6 28. Qxd6 29. Nc3 30. Nb4 31. Bb1 32.
Nc6 33. Nb5 34. Qd7 35. Bf4 36. Rac8 37. e5 38. Nh5 39. Be3 40. Nxe5 41. Nfd4
42. g6 43. h3 44. Kh7 45. Qe2 46. Nf6 47. Bc2 48. Nd5 49. Bb3 50. Nxe3 51. fxe3
52. c5 53. Nf3 54. Nxf3+ 55. Qxf3 56. c4 57. Bc2 58. Qd2 59. Qxf7+ 60. Kh8 61.
Qf6+ 62. Kg8 63. Qxg6+ 64. Kf8 65. Rf1+ 66. Ke7 67. Rf7+ 68. Kd8 69. Qf6+ 70.
Re7 71. Qxe7# 1-0